| 000 | 00492nam a2200133Ia 4500 | ||
|---|---|---|---|
| 008 | 171212s9999 xx 000 0 und d | ||
| 020 | _a9780874217933 | ||
| 100 | _aReider, Noriko | ||
| 245 |
_cReider, Noriko _aJapanese Demon Lore _bOni from Ancient Times to the Present |
||
| 260 |
_bUniversity Press of Colorado _c2010 |
||
| 650 | _aDemonology -- Japan; Folklore -- Japan; Legends -- Japan; Supernatural; Spirits | ||
| 650 | _aSociology | ||
| 856 | _uwww.jstor.org/stable/10.2307/j.ctt4cgpqc | ||
| 999 |
_c353094 _d353094 |
||